[Event "2015 Northern Alberta Open"]
[Site "Edmonton"]
[Date "2015.02.14"]
[Round "1.3"]
[White "Mah, Sean"]
[Black "Haessel, Dale"]
[Result "0-1"]
[WhiteElo "1667"]
[BlackElo "2182"]
[PlyCount "32"]
[EventDate "2015.02.14"]
[EventType "swiss"]
[EventRounds "5"]
[EventCountry "CAN"]

1. e4 e5 2. f4 exf4 3. Nf3 h6 4. Bc4 g5 5. h3 Bg7 6. d4 Ne7 7. Nc3 c6 8. Ne5 d5
9. exd5 cxd5 10. Bb5+ Nbc6 11. Qe2 O-O 12. Qd1 Nxe5 13. dxe5 d4 14. Ne4 Qa5+
15. Qd2 Qxb5 16. Qxd4 Qxe5 0-1

[Event "2015 Northern Alberta Open"]
[Site "Edmonton"]
[Date "2015.02.14"]
[Round "1.4"]
[White "Nguyen, Kim"]
[Black "Koperski, Dustin"]
[Result "1-0"]
[WhiteElo "2093"]
[BlackElo "1630"]
[PlyCount "65"]
[EventDate "2015.02.14"]
[EventType "swiss"]
[EventRounds "5"]
[EventCountry "CAN"]

1. e4 c5 2. Nf3 d6 3. Bb5+ Bd7 4. Bxd7+ Qxd7 5. c4 Nf6 6. Nc3 e6 7. O-O Be7 8.
d4 cxd4 9. Qxd4 Nc6 10. Qd3 O-O 11. Rd1 Rfd8 12. Bg5 a6 13. b3 Qc7 14. Rac1
Rac8 15. Qb1 Qb6 16. Be3 Qc7 17. h3 Qb8 18. Bb6 Rd7 19. a4 Bd8 20. Be3 Nb4 21.
Rd2 d5 22. exd5 exd5 23. Rcd1 Ba5 24. Bg5 Rc5 25. Bxf6 gxf6 26. Qf5 Qd8 27. Ne4
dxe4 28. Qg4+ Kf8 29. Rxd7 Qe8 30. Qf4 Bc7 31. Rxc7 Rxc7 32. Qxc7 exf3 33. Rd8
1-0

[Event "2015 Northern Alberta Open"]
[Site "Edmonton"]
[Date "2015.02.14"]
[Round "1.5"]
[White "Sponga, George"]
[Black "Gardner, Robert"]
[Result "0-1"]
[WhiteElo "1772"]
[BlackElo "2095"]
[PlyCount "84"]
[EventDate "2015.02.14"]
[EventType "swiss"]
[EventRounds "5"]
[EventCountry "CAN"]

1. f4 c5 2. Nf3 g6 3. d3 Bg7 4. e4 Nc6 5. Be2 e6 6. O-O Nge7 7. c3 d5 8. e5 d4
9. c4 O-O 10. Nbd2 Nf5 11. Ne4 b6 12. g4 Ne3 13. Bxe3 dxe3 14. g5 Nd4 15. Nxd4
Qxd4 16. Nf6+ Bxf6 17. gxf6 Bb7 18. Qe1 Qxb2 19. Rd1 Rfd8 20. h4 Rd4 21. h5
Qxa2 22. hxg6 fxg6 23. Rf3 Bxf3 24. Bxf3 Qf2+ 25. Qxf2 exf2+ 26. Kxf2 Rad8 27.
Ke3 Kf7 28. Be4 R4d7 29. Rh1 Rh8 30. Rh3 h5 31. Rg3 Rh6 32. Kd2 h4 33. Rh3 a6
34. Kc3 b5 35. cxb5 axb5 36. Bc6 Rd4 37. Bxb5 Rxf4 38. Rh1 Rh5 39. Re1 h3 40.
Bc6 h2 41. Be4 Rxe4 42. dxe4 h1=Q 0-1

[Event "2015 Northern Alberta Open"]
[Site "Edmonton"]
[Date "2015.02.14"]
[Round "1.6"]
[White "Miller, David"]
[Black "White, Chris"]
[Result "1-0"]
[WhiteElo "2064"]
[BlackElo "1738"]
[PlyCount "49"]
[EventDate "2015.02.14"]
[EventType "swiss"]
[EventRounds "5"]
[EventCountry "CAN"]

1. e4 e6 2. d4 d5 3. Nc3 Nd7 4. exd5 exd5 5. Nxd5 c6 6. Qe2+ Be7 7. Nxe7 Qxe7
8. Bg5 Qxe2+ 9. Nxe2 Ngf6 10. f3 b6 11. c4 Bb7 12. Nc3 O-O-O 13. Kf2 Kb8 14.
Rd1 h6 15. Bf4+ Ka8 16. h4 Nf8 17. g4 Ne6 18. Be3 Rd7 19. Bh3 g5 20. hxg5 hxg5
21. Bg2 Rhd8 22. Rh6 Ng8 23. Rh8 Ne7 24. Rxd8+ Rxd8 25. Ne4 1-0

[Event "2015 Northern Alberta Open"]
[Site "Edmonton"]
[Date "2015.02.14"]
[Round "1.7"]
[White "Yao, David"]
[Black "Daniluk, Jim"]
[Result "0-1"]
[WhiteElo "1571"]
[BlackElo "1983"]
[PlyCount "44"]
[EventDate "2015.02.14"]
[EventType "swiss"]
[EventRounds "5"]
[EventCountry "CAN"]

1. Nf3 Nf6 2. g3 g6 3. Bg2 Bg7 4. O-O O-O 5. d3 d5 6. Bf4 Nh5 7. Be5 f6 8. Bc3
c5 9. e3 e5 10. b3 Nc6 11. Bb2 f5 12. c4 e4 13. Bxg7 Nxg7 14. dxe4 dxe4 15.
Nfd2 Qf6 16. Na3 Rd8 17. Qc1 Be6 18. Rd1 Rd7 19. Nf1 Rxd1 20. Qxd1 Rd8 21. Qc1
Ne5 22. Qc3 Nf3+ 0-1

[Event "2015 Northern Alberta Open"]
[Site "Edmonton"]
[Date "2015.02.14"]
[Round "1.9"]
[White "Koneru, Nimai"]
[Black "Malek, Omid"]
[Result "0-1"]
[WhiteElo "1375"]
[BlackElo "2047"]
[PlyCount "86"]
[EventDate "2015.02.14"]
[EventType "swiss"]
[EventRounds "5"]
[EventCountry "CAN"]

1. d4 Nf6 2. Bf4 g6 3. e3 Bg7 4. Nf3 O-O 5. c4 d6 6. Nc3 Na6 7. Be2 c5 8. O-O
Nh5 9. Bg5 h6 10. Bh4 g5 11. Bg3 Nxg3 12. fxg3 Bg4 13. h3 Bh5 14. g4 Bg6 15.
Bd3 cxd4 16. exd4 Bxd3 17. Qxd3 Nb4 18. Qd2 Rc8 19. a3 Nc6 20. b4 e6 21. Rac1
Ne7 22. Ne2 Qb6 23. Kh1 Ng6 24. Qd3 Qa6 25. Rfd1 d5 26. c5 Qc6 27. Kg1 f5 28.
gxf5 exf5 29. Rf1 Rce8 30. Rce1 a6 31. Kh1 Qd7 32. Qb3 g4 33. Nd2 f4 34. hxg4
Re3 35. Nc3 Ne7 36. Rxe3 fxe3 37. Rxf8+ Kxf8 38. Nf3 Qxg4 39. Nxd5 Qh5+ 40. Kg1
Nxd5 41. b5 axb5 42. Qxb5 Nf4 43. c6 Qxb5 0-1

[Event "2015 Northern Alberta Open"]
[Site "Edmonton"]
[Date "2015.02.14"]
[Round "1.10"]
[White "Gold, Itohan"]
[Black "Robertson, Trevor"]
[Result "1-0"]
[WhiteElo "1975"]
[BlackElo "1539"]
[PlyCount "39"]
[EventDate "2015.02.14"]
[EventType "swiss"]
[EventRounds "5"]
[EventCountry "CAN"]

1. e4 e6 2. d4 d5 3. Nc3 Bb4 4. e5 c5 5. a3 cxd4 6. axb4 dxc3 7. Nf3 cxb2 8.
Bxb2 Nh6 9. Qd4 Nf5 10. Qf4 O-O 11. Bd3 g6 12. Bxf5 exf5 13. Qh6 Qe7 14. O-O
Nd7 15. Rfe1 Rd8 16. e6 fxe6 17. Rxe6 Qf8 18. Rxg6+ Kf7 19. Qxh7+ Ke8 20. Re1+
1-0

[Event "2015 Northern Alberta Open"]
[Site "Edmonton"]
[Date "2015.02.14"]
[Round "1.13"]
[White "Mo, Michelle"]
[Black "Bentley, Bill"]
[Result "0-1"]
[WhiteElo "1483"]
[BlackElo "1861"]
[PlyCount "108"]
[EventDate "2015.02.14"]
[EventType "swiss"]
[EventRounds "5"]
[EventCountry "CAN"]

1. e4 e6 2. d4 d5 3. Nc3 Nf6 4. Bd3 c5 5. dxc5 dxe4 6. Bxe4 Qxd1+ 7. Kxd1 Bxc5
8. Be3 Bxe3 9. fxe3 Nxe4 10. Nxe4 Ke7 11. Ke2 b6 12. Nc3 Bb7 13. Nf3 Nc6 14. a3
Rhd8 15. Rad1 h6 16. Rhf1 Ba6+ 17. Kf2 Bxf1 18. Kxf1 Na5 19. b3 Rxd1+ 20. Nxd1
Rc8 21. b4 Nc4 22. a4 Rd8 23. Ke2 a6 24. Nd4 Rc8 25. c3 e5 26. Nf3 Ke6 27. Kd3
b5 28. a5 Rd8+ 29. Ke2 Rxd1 30. Kxd1 Nxe3+ 31. Kd2 Nxg2 32. Kc2 Ne3+ 33. Kd3
Nc4 34. Ke2 g5 35. h3 f5 36. Nd2 Kd5 37. Nf3 Ke4 38. Nd2+ Nxd2 39. Kxd2 Kd5 40.
c4+ Kxc4 41. Ke2 h5 42. Kf2 Kd3 43. Kg2 Ke2 44. Kg3 f4+ 45. Kh2 f3 46. h4 f2
47. Kg3 gxh4+ 48. Kh2 Kf3 49. Kh3 f1=Q+ 50. Kxh4 Kf4 51. Kxh5 Qg2 52. Kh6 Kf5
53. Kh7 Kf6 54. Kh8 Qg7# 0-1

[Event "2015 Northern Alberta Open"]
[Site "Edmonton"]
[Date "2015.02.14"]
[Round "2.2"]
[White "Malek, Omid"]
[Black "Arruebarrena, Rafael"]
[Result "0-1"]
[WhiteElo "2047"]
[BlackElo "2224"]
[PlyCount "44"]
[EventDate "2015.02.14"]
[EventType "swiss"]
[EventRounds "5"]
[EventCountry "CAN"]

1. e4 c5 2. c3 Nf6 3. e5 Nd5 4. Nf3 e6 5. d4 cxd4 6. cxd4 d6 7. exd6 Bxd6 8.
Nc3 Nxc3 9. bxc3 Qc7 10. Bd2 O-O 11. Bd3 Nd7 12. O-O b6 13. Qc2 h6 14. Rfe1 Bb7
15. Be4 Nf6 16. Bxb7 Qxb7 17. Ne5 Rac8 18. Qd3 Rfd8 19. f4 Qc7 20. Qg3 Nd5 21.
c4 Ne7 22. Ng4 Nf5 0-1

[Event "2015 Northern Alberta Open"]
[Site "Edmonton"]
[Date "2015.02.14"]
[Round "2.3"]
[White "Haessel, Dale"]
[Black "Zeggelaar, Mike"]
[Result "0-1"]
[WhiteElo "2182"]
[BlackElo "1918"]
[PlyCount "68"]
[EventDate "2015.02.14"]
[EventType "swiss"]
[EventRounds "5"]
[EventCountry "CAN"]

1. d4 Nf6 2. c4 c5 3. d5 e6 4. Nc3 exd5 5. cxd5 d6 6. Nf3 g6 7. Bf4 Be7 8. h3
O-O 9. e3 Re8 10. Be2 b6 11. a4 Na6 12. Nd2 Nb4 13. e4 a6 14. O-O Bf8 15. Re1
Rb8 16. Bf1 Nh5 17. Bh2 Bh6 18. g3 Qf6 19. Nc4 b5 20. axb5 axb5 21. Na3 c4 22.
Naxb5 Nd3 23. Bxd3 cxd3 24. Qxd3 Bxh3 25. Ra6 Bd2 26. Rxd6 Bxe1 27. Rxf6 Nxf6
28. g4 Nxg4 29. Bxb8 Bxf2+ 30. Kh1 Ne3 31. Ba7 Bf1 32. Qb1 Re5 33. Bb8 Rh5+ 34.
Bh2 Bg2# 0-1

[Event "2015 Northern Alberta Open"]
[Site "Edmonton"]
[Date "2015.02.14"]
[Round "2.4"]
[White "Bentley, Bill"]
[Black "Nguyen, Kim"]
[Result "0-1"]
[WhiteElo "2093"]
[BlackElo "1861"]
[PlyCount "92"]
[EventDate "2015.02.14"]
[EventType "swiss"]
[EventRounds "5"]
[EventCountry "CAN"]

1. d4 Nf6 2. c4 e6 3. Nc3 Bb4 4. e3 O-O 5. Bd3 b6 6. Nf3 d5 7. O-O dxc4 8. Bxc4
c5 9. a3 Bxc3 10. bxc3 Qc7 11. Qc2 Nc6 12. Bb2 Bb7 13. Bd3 h6 14. c4 cxd4 15.
exd4 Na5 16. Rac1 Rfc8 17. Ne5 Nd7 18. Bh7+ Kf8 19. Nxf7 Qf4 20. Ne5 Nxe5 21.
dxe5 Bxg2 22. Kxg2 Qg4+ 23. Kh1 Qf3+ 24. Kg1 Rxc4 25. Qxc4 Nxc4 26. Rxc4 Rd8
27. Bc1 Ke7 28. Be4 Qg4+ 29. Kh1 Rd1 30. Rxd1 Qxd1+ 31. Kg2 Qe2 32. Rd4 Qg4+
33. Kh1 Qh3 34. Bg2 Qc3 35. Rd1 Qxe5 36. Be3 Qa5 37. Bc1 Qc3 38. Kg1 e5 39. Kf1
g5 40. Re1 Kf6 41. Be4 h5 42. Ke2 h4 43. f3 Qc8 44. Rg1 Qh3 45. Rxg5 Qxh2+ 46.
Kd3 Qf2 0-1

[Event "2015 Northern Alberta Open"]
[Site "Edmonton"]
[Date "2015.02.14"]
[Round "2.5"]
[White "Gardner, Robert"]
[Black "Saheb, Salar"]
[Result "1-0"]
[WhiteElo "2095"]
[BlackElo "1861"]
[PlyCount "101"]
[EventDate "2015.02.14"]
[EventType "swiss"]
[EventRounds "5"]
[EventCountry "CAN"]

1. d4 Nf6 2. c4 e6 3. Nc3 d5 4. cxd5 exd5 5. Bg5 c6 6. e3 Bf5 7. Qf3 Bg6 8.
Bxf6 Qxf6 9. Qxf6 gxf6 10. Kd2 Bd6 11. Bd3 Bxd3 12. Kxd3 f5 13. g3 Ke7 14. Nf3
Nd7 15. a3 a5 16. Nd2 Nf6 17. f3 b5 18. e4 fxe4+ 19. fxe4 dxe4+ 20. Ncxe4 Nxe4
21. Nxe4 f5 22. Nxd6 Kxd6 23. Rhf1 Rhf8 24. Rae1 Ra7 25. Re5 Raf7 26. Rf4 a4
27. Rh4 Rg8 28. Ke3 Rg4 29. Rh6+ Rg6 30. Rh5 f4+ 31. gxf4 Rg2 32. Rh6+ Kd7 33.
Ree6 Rxb2 34. Rd6+ Ke7 35. Rxc6 Rb3+ 36. Ke4 Rxa3 37. Rb6 Rb3 38. Rh5 b4 39.
Ra5 a3 40. Ra4 Kf8 41. d5 Rh3 42. Rbxb4 Rxh2 43. Rxa3 Re7+ 44. Kd4 Rd7 45. Rd3
h5 46. Rb6 h4 47. Ke5 Re2+ 48. Kf5 h3 49. Rf6+ Kg7 50. Rg3+ Kh8 51. Rxh3+ 1-0

[Event "2015 Northern Alberta Open"]
[Site "Edmonton"]
[Date "2015.02.14"]
[Round "2.6"]
[White "Young, Joseph"]
[Black "Miller, David"]
[Result "0-1"]
[WhiteElo "1898"]
[BlackElo "2064"]
[PlyCount "82"]
[EventDate "2015.02.14"]
[EventType "swiss"]
[EventRounds "5"]
[EventCountry "CAN"]

1. d4 Nf6 2. Bg5 g6 3. Nc3 d5 4. e3 Bg7 5. Nf3 O-O 6. Be2 Nbd7 7. O-O c6 8. b4
a5 9. a3 Ne4 10. Nxe4 dxe4 11. Nd2 h6 12. Bh4 g5 13. Bg3 f5 14. Bc4+ Kh8 15. f3
f4 16. Bf2 Nb6 17. fxe4 fxe3 18. Bxe3 Rxf1+ 19. Bxf1 Bxd4 20. Bxd4+ Qxd4+ 21.
Kh1 axb4 22. Rb1 bxa3 23. Qh5 Qf6 24. e5 Qf8 25. Bd3 a2 26. Ra1 Bd7 27. Nb3 Qg7
28. c3 Nd5 29. g3 Ne3 30. h3 Be6 31. Nd4 Bf7 32. Qf3 Bd5 33. Be4 Qxe5 34. Qxe3
Qxe4+ 35. Qxe4 Bxe4+ 36. Kg1 Bb1 37. Kf2 Ra3 38. Ne6 Rxc3 39. Nd8 b5 40. Nf7+
Kg7 41. Ne5 b4 0-1

[Event "2015 Northern Alberta Open"]
[Site "Edmonton"]
[Date "2015.02.14"]
[Round "2.7"]
[White "Daniluk, Jim"]
[Black "McKay, Arnold"]
[Result "1/2-1/2"]
[WhiteElo "1983"]
[BlackElo "1839"]
[PlyCount "109"]
[EventDate "2015.02.14"]
[EventType "swiss"]
[EventRounds "5"]
[EventCountry "CAN"]

1. d4 Nf6 2. Nf3 e6 3. c4 Bb4+ 4. Bd2 Bxd2+ 5. Qxd2 O-O 6. g3 d5 7. Bg2 dxc4 8.
Na3 Ne4 9. Qc2 Nd6 10. O-O c6 11. Nxc4 Nxc4 12. Qxc4 Nd7 13. h4 Nf6 14. Rfd1
Qd5 15. Ne5 Qxc4 16. Nxc4 Rd8 17. b4 Bd7 18. Na5 Rab8 19. Rac1 Nd5 20. a3 Be8
21. e4 Nf6 22. Bf3 Rd7 23. g4 Kf8 24. g5 Ng8 25. d5 cxd5 26. exd5 exd5 27. Rxd5
Rxd5 28. Bxd5 b6 29. Nb7 Ne7 30. Be4 Bc6 31. Bxc6 Nxc6 32. Nd6 Ne5 33. f4 Nf3+
34. Kf2 Nxh4 35. Rc7 Rd8 36. Nxf7 Rd4 37. Kg3 Nf5+ 38. Kf3 Ne7 39. Ne5 Rxf4+
40. Kxf4 Nd5+ 41. Ke4 Nxc7 42. Nc6 Nb5 43. a4 Nc3+ 44. Kd4 Nxa4 45. Nxa7 Kf7
46. Ke5 Kg6 47. Kf4 Nc3 48. Nc8 Nd5+ 49. Kg4 Nxb4 50. Nxb6 Nc6 51. Nd7 h6 52.
Nf8+ Kf7 53. gxh6 gxh6 54. Kh5 Kg7 55. Ne6+ 1/2-1/2

[Event "2015 Northern Alberta Open"]
[Site "Edmonton"]
[Date "2015.02.14"]
[Round "2.9"]
[White "Das, Prakash"]
[Black "Razzaq, Ali"]
[Result "0-1"]
[WhiteElo "1464"]
[BlackElo "1845"]
[PlyCount "60"]
[EventDate "2015.02.14"]
[EventType "swiss"]
[EventRounds "5"]
[EventCountry "CAN"]

1. Nf3 e6 2. c4 d5 3. d4 c5 4. e3 Nc6 5. cxd5 exd5 6. Bb5 Qb6 7. Nc3 Nf6 8. O-O
Be7 9. dxc5 Bxc5 10. h3 O-O 11. Bxc6 Qxc6 12. Na4 Bb4 13. b3 b5 14. Nb2 Bc3 15.
Nd4 Qd7 16. a3 Ba6 17. b4 Ne4 18. Rb1 Rac8 19. Qd3 Bxd4 20. exd4 Rc3 21. Qd1
Qf5 22. Nd3 Rfc8 23. Rb3 Rxb3 24. Qxb3 Rc3 25. Qb1 Bc8 26. Nc5 Qg6 27. Kh2 Bf5
28. Qb2 Rc4 29. Be3 Nf6 30. f3 Rc2 0-1

[Event "2015 Northern Alberta Open"]
[Site "Edmonton"]
[Date "2015.02.12"]
[Round "2.12"]
[White "Robertson, Trevor"]
[Black "Dave, Bhavik"]
[Result "1/2-1/2"]
[WhiteElo "1539"]
[BlackElo "1535"]
[PlyCount "58"]
[EventDate "2015.02.14"]
[EventType "swiss"]
[EventRounds "5"]
[EventCountry "CAN"]

1. d4 Nf6 2. c4 g6 3. Nc3 d5 4. e3 c5 5. dxc5 e6 6. cxd5 exd5 7. Nf3 Bg7 8. Nd4
a5 9. Bb5+ Bd7 10. Qa4 O-O 11. c6 bxc6 12. Nxc6 Nxc6 13. Bxc6 Bxc6 14. Qxc6 d4
15. exd4 Qe7+ 16. Be3 Bh6 17. Qf3 Bxe3 18. Qxe3 Qb4 19. O-O-O a4 20. a3 Qb3 21.
Rd2 Rfc8 22. Rc2 Rab8 23. Qd2 Nd7 24. Kb1 Qxa3 25. Nd5 Rxc2 26. Qxc2 Qd6 27.
Qc4 Qa3 28. Qc2 Qd6 29. Qc4 Qa3 1/2-1/2

[Event "2015 Northern Alberta Open"]
[Site "Edmonton"]
[Date "2015.02.14"]
[Round "2.15"]
[White "Koperski, Dustin"]
[Black "Mo, Michelle"]
[Result "1-0"]
[WhiteElo "1630"]
[BlackElo "1483"]
[PlyCount "111"]
[EventDate "2015.02.14"]
[EventType "swiss"]
[EventRounds "5"]
[EventCountry "CAN"]

1. e4 c5 2. d4 cxd4 3. c3 e5 4. Bc4 Nc6 5. Nf3 Nf6 6. Ng5 d5 7. exd5 Na5 8.
Bb5+ Bd7 9. Qa4 b6 10. cxd4 exd4 11. Bxd7+ Qxd7 12. Qxd7+ Nxd7 13. O-O Nb7 14.
Re1+ Be7 15. Bf4 f6 16. Nf3 Kf7 17. Nxd4 Rac8 18. Nc3 Bb4 19. Rac1 Nbc5 20. Re3
Rhe8 21. a3 Rxe3 22. Bxe3 Nd3 23. Rc2 Bxc3 24. Rxc3 Rxc3 25. bxc3 N7e5 26. Nb5
a6 27. Nc7 a5 28. Bxb6 Nc4 29. Na8 Nxb6 30. Nxb6 Ke7 31. Nc4 a4 32. g3 g5 33.
Kf1 f5 34. Ke2 Nc5 35. Ke3 Kf6 36. f4 h6 37. Nb6 Ke7 38. Kd4 Kd6 39. Nc4+ Kd7
40. Kxc5 gxf4 41. gxf4 h5 42. Nb6+ Ke7 43. d6+ Kd8 44. h4 Ke8 45. Kc6 Kd8 46.
c4 Ke8 47. Kc7 Kf7 48. d7 Ke6 49. d8=Q Kf7 50. Qd6 Kg7 51. Qe6 Kf8 52. Qd7 Kg8
53. Qe7 Kh8 54. Nd5 Kg8 55. Nf6+ Kh8 56. Qf8# 1-0

[Event "2015 Northern Alberta Open"]
[Site "Edmonton"]
[Date "2015.02.14"]
[Round "3.1"]
[White "Arruebarrena, Rafael"]
[Black "Yearwood, Roy"]
[Result "1-0"]
[WhiteElo "2224"]
[BlackElo "2055"]
[PlyCount "43"]
[EventDate "2015.02.14"]
[EventType "swiss"]
[EventRounds "5"]
[EventCountry "CAN"]

1. e4 d6 2. d4 Nf6 3. Nc3 g6 4. f4 Bg7 5. Nf3 c5 6. Bb5+ Bd7 7. e5 Ng4 8. Bxd7+
Qxd7 9. d5 Na6 10. h3 Nh6 11. g4 O-O-O 12. Be3 Nc7 13. Qd2 Ng8 14. O-O-O h5 15.
g5 e6 16. dxe6 Qxe6 17. Bxc5 Ne7 18. Bxd6 Nf5 19. Rhe1 Bf8 20. Nd4 Rxd6 21.
exd6 Nxd4 22. Qxd4 1-0

[Event "2015 Northern Alberta Open"]
[Site "Edmonton"]
[Date "2015.02.14"]
[Round "3.2"]
[White "Nguyen, Kim"]
[Black "Gold, Itohan"]
[Result "1-0"]
[WhiteElo "2093"]
[BlackElo "1975"]
[PlyCount "77"]
[EventDate "2015.02.14"]
[EventType "swiss"]
[EventRounds "5"]
[EventCountry "CAN"]

1. e4 c6 2. d4 d5 3. e5 Bf5 4. Nf3 e6 5. Be2 Ne7 6. O-O Nd7 7. c3 Bg6 8. Nbd2
Nf5 9. g4 Nh4 10. Ne1 h5 11. f3 hxg4 12. fxg4 Nxe5 13. dxe5 Bc5+ 14. Kh1 Nf5
15. gxf5 Rxh2+ 16. Kxh2 Qh4+ 17. Kg2 Bxf5 18. Rxf5 exf5 19. Nd3 Qg5+ 20. Bg4
Be3 21. Nf1 Bxc1 22. Qxc1 Qxg4+ 23. Ng3 Qc4 24. Qe3 O-O-O 25. Qd4 g6 26. b3 Qa6
27. Nc5 Qa3 28. Nd3 Qe7 29. Rh1 b6 30. b4 c5 31. bxc5 f4 32. Qxf4 bxc5 33. Rb1
g5 34. Qf6 Qxf6 35. exf6 c4 36. Ne5 d4 37. cxd4 Rd6 38. Ne4 Ra6 39. Rb2 1-0

[Event "2015 Northern Alberta Open"]
[Site "Edmonton"]
[Date "2015.02.14"]
[Round "3.3"]
[White "Zeggelaar, Mike"]
[Black "Miller, David"]
[Result "0-1"]
[WhiteElo "1918"]
[BlackElo "2064"]
[PlyCount "48"]
[EventDate "2015.02.14"]
[EventType "swiss"]
[EventRounds "5"]
[EventCountry "CAN"]

1. e4 c5 2. d4 cxd4 3. c3 dxc3 4. Nxc3 Nc6 5. Nf3 d6 6. Bc4 a6 7. O-O Nf6 8.
Qe2 Bg4 9. Be3 e6 10. Rfd1 Ne5 11. Bb3 Be7 12. h3 Bxf3 13. gxf3 Qb8 14. f4 Ned7
15. Kh1 b5 16. f5 b4 17. fxe6 fxe6 18. e5 Qb7+ 19. Kh2 Nxe5 20. Bxe6 bxc3 21.
bxc3 Nf3+ 22. Kg3 Nh5+ 23. Kg4 Qe4+ 24. Kxh5 Qh4# 0-1

[Event "2015 Northern Alberta Open"]
[Site "Edmonton"]
[Date "2015.02.14"]
[Round "3.5"]
[White "Young, Joseph"]
[Black "Haessel, Dale"]
[Result "0-1"]
[WhiteElo "1898"]
[BlackElo "2182"]
[PlyCount "66"]
[EventDate "2015.02.14"]
[EventType "swiss"]
[EventRounds "5"]
[EventCountry "CAN"]

1. d4 Nf6 2. Nf3 g6 3. Bf4 Bg7 4. Nc3 d5 5. Ne5 c5 6. e3 O-O 7. Be2 Nc6 8. Na4
cxd4 9. exd4 Nd7 10. Nxc6 bxc6 11. O-O e5 12. dxe5 Nxe5 13. c3 a5 14. Qc1 Re8
15. Bh6 Bh8 16. Bg5 Qd6 17. Be3 Bf5 18. Bc5 Qc7 19. Qf4 Rab8 20. g4 Bc2 21. b3
Qd8 22. Qd2 Bd3 23. f4 Bxe2 24. Qxe2 Nd7 25. Qf2 Nxc5 26. Qxc5 Qh4 27. g5 Qg4+
28. Kh1 Re2 29. Rf2 Rbe8 30. Rg1 Qh3 31. Qxc6 Re1 32. Rff1 R8e2 33. Qa8+ Kg7
0-1

[Event "2015 Northern Alberta Open"]
[Site "Edmonton"]
[Date "2015.02.14"]
[Round "3.6"]
[White "Koperski, Dustin"]
[Black "Malek, Omid"]
[Result "1/2-1/2"]
[WhiteElo "1630"]
[BlackElo "2047"]
[PlyCount "37"]
[EventDate "2015.02.14"]
[EventType "swiss"]
[EventRounds "5"]
[EventCountry "CAN"]

1. e4 d6 2. d4 Nf6 3. Nc3 g6 4. Be2 c6 5. Be3 Qc7 6. g4 h5 7. g5 Nfd7 8. Qd2 b5
9. O-O-O Nb6 10. Bd3 b4 11. Nce2 a5 12. f4 Ba6 13. f5 gxf5 14. exf5 Nc4 15.
Bxc4 Bxc4 16. Kb1 Nd7 17. Nf4 O-O-O 18. d5 cxd5 19. Nxd5 1/2-1/2

[Event "2015 Northern Alberta Open"]
[Site "Edmonton"]
[Date "2015.02.14"]
[Round "3.7"]
[White "Koneru, Nimai"]
[Black "Bentley, Bill"]
[Result "1-0"]
[WhiteElo "1375"]
[BlackElo "1861"]
[PlyCount "51"]
[EventDate "2015.02.14"]
[EventType "swiss"]
[EventRounds "5"]
[EventCountry "CAN"]

1. d4 e6 2. Bf4 f5 3. e3 Nf6 4. c4 b6 5. Nc3 Bb7 6. Nf3 Be7 7. Be2 O-O 8. O-O
c5 9. h3 Nc6 10. a3 Ne4 11. Qc2 d5 12. Rad1 Bf6 13. Rfe1 Rc8 14. b3 h6 15. Nb5
a6 16. Nc3 g5 17. Bh2 Rf7 18. Na2 Rd7 19. b4 cxb4 20. axb4 Be7 21. Qb3 Qf8 22.
c5 bxc5 23. bxc5 Rb8 24. Bxb8 Nxb8 25. Ne5 Rc7 26. Qb6 1-0

[Event "2015 Northern Alberta Open"]
[Site "Edmonton"]
[Date "2015.02.14"]
[Round "3.8"]
[White "Dave, Bhavik"]
[Black "Fellah, Mohamad"]
[Result "0-1"]
[WhiteElo "1535"]
[BlackElo "1794"]
[PlyCount "76"]
[EventDate "2015.02.14"]
[EventType "swiss"]
[EventRounds "5"]
[EventCountry "CAN"]

1. d4 Nf6 2. c4 g6 3. Nc3 Bg7 4. e4 d6 5. f4 O-O 6. Nf3 c5 7. d5 e6 8. Be2 exd5
9. exd5 Re8 10. O-O Bf5 11. Nh4 Ne4 12. Nxf5 gxf5 13. Nxe4 fxe4 14. f5 Nd7 15.
Bh5 Bd4+ 16. Kh1 Nf6 17. Bg5 Qe7 18. Rf4 e3 19. Rg4 Nxg4 20. Qxg4 Qe4 21. Bf4+
Kh8 22. Re1 Rg8 23. Qf3 Qxf3 24. Bxf3 Rad8 25. h4 Rge8 26. Re2 a6 27. a4 Kg7
28. g4 f6 29. Kg2 h6 30. g5 hxg5 31. hxg5 fxg5 32. Bxg5 Rb8 33. Bh5 Rh8 34. Bg6
Be5 35. Rxe3 Rh2+ 36. Kf3 Rbh8 37. Kg4 Rg2+ 38. Kf3 Rxg5 0-1

[Event "2015 Northern Alberta Open"]
[Site "Edmonton"]
[Date "2015.02.15"]
[Round "4.1"]
[White "Nguyen, Kim"]
[Black "Arruebarrena, Rafael"]
[Result "0-1"]
[WhiteElo "2093"]
[BlackElo "2224"]
[PlyCount "54"]
[EventDate "2015.02.14"]
[EventType "swiss"]
[EventRounds "5"]
[EventCountry "CAN"]

1. e4 c5 2. Nf3 e6 3. d4 cxd4 4. Nxd4 Nc6 5. Nc3 Qc7 6. Be3 a6 7. Qd2 Nf6 8. f3
Be7 9. O-O-O Nxd4 10. Bxd4 b5 11. e5 b4 12. exf6 bxc3 13. Qg5 gxf6 14. Qg7
cxb2+ 15. Kb1 Rf8 16. Qxh7 Bb7 17. Qd3 Rc8 18. Qd2 Bd5 19. c4 Bc6 20. Bd3 Rb8
21. Bc2 Rh8 22. h4 Rh5 23. g4 Ra5 24. Bc3 Ra3 25. h5 Bxf3 26. Bd3 Bxh1 27. Rxh1
Qc6 0-1

[Event "2015 Northern Alberta Open"]
[Site "Edmonton"]
[Date "2015.02.15"]
[Round "4.2"]
[White "Miller, David"]
[Black "Gardner, Robert"]
[Result "0-1"]
[WhiteElo "2064"]
[BlackElo "2095"]
[PlyCount "152"]
[EventDate "2015.02.14"]
[EventType "swiss"]
[EventRounds "5"]
[EventCountry "CAN"]

1. e4 g6 2. d4 Bg7 3. Nc3 c6 4. Nf3 d6 5. Be2 b5 6. a3 Nf6 7. O-O O-O 8. h3 a6
9. Bg5 Qc7 10. Qc1 Nbd7 11. Bh6 c5 12. dxc5 Nxc5 13. Bxg7 Kxg7 14. Nd5 Qb7 15.
Nxf6 exf6 16. Nd2 Be6 17. Bf3 d5 18. exd5 Bxd5 19. b4 Ne4 20. Nb3 Nc3 21. Bxd5
Qxd5 22. Qe3 Qc4 23. Qd3 Rfd8 24. Qxc4 bxc4 25. Na5 Rac8 26. Rfe1 Rd2 27. Kf1
Rxc2 28. Rac1 Rxc1 29. Rxc1 Ne4 30. Ke2 Nd6 31. f3 f5 32. a4 Kf6 33. Ke3 Ke5
34. f4+ Kd5 35. Rd1+ Ke6 36. Rc1 c3 37. Nb3 Ne4 38. Kd4 Kd6 39. Na5 Ng3 40.
Nc4+ Ke6 41. Re1+ Ne4 42. Na5 c2 43. Nb3 Rd8+ 44. Kc4 Rc8+ 45. Kd4 Kf6 46. Rc1
Ng3 47. Kd3 Nh5 48. Rf1 Nxf4+ 49. Rxf4 c1=Q 50. Nxc1 Rxc1 51. b5 axb5 52. axb5
Ke5 53. Rb4 Kd5 54. Ra4 Rb1 55. Ra7 Rxb5 56. Rxf7 Rb2 57. g4 Rb3+ 58. Ke2 Rxh3
59. gxf5 g5 60. Re7 h6 61. f6 Rh4 62. f7 Rf4 63. Ke3 Rf6 64. Rb7 Ke5 65. Ra7
Kf5 66. Kf3 Kg6+ 67. Kg3 Rxf7 68. Ra6+ Rf6 69. Ra8 Rb6 70. Ra5 Rb3+ 71. Kg2 Kh5
72. Rc5 Kh4 73. Rc6 h5 74. Rc1 Rb2+ 75. Kf3 g4+ 76. Kf4 Rf2+ 0-1

[Event "2015 Northern Alberta Open"]
[Site "Edmonton"]
[Date "2015.02.15"]
[Round "4.4"]
[White "Haessel, Dale"]
[Black "McKay, Arnold"]
[Result "1-0"]
[WhiteElo "2182"]
[BlackElo "1839"]
[PlyCount "41"]
[EventDate "2015.02.14"]
[EventType "swiss"]
[EventRounds "5"]
[EventCountry "CAN"]

1. d4 Nf6 2. c4 e6 3. Nc3 Bb4 4. Qc2 c5 5. dxc5 Bxc5 6. Nf3 O-O 7. Bf4 a6 8. e4
Nc6 9. e5 Ne8 10. a3 Nd4 11. Nxd4 Bxd4 12. Rd1 Ba7 13. Bd3 f5 14. exf6 Nxf6 15.
O-O Bb8 16. Be3 Qc7 17. g3 Ba7 18. Bf4 Qc6 19. Ne4 Nh5 20. Bd6 Re8 21. Ng5 1-0